Missing Word: May Days Quiz Stats

 Plays Quiz Updated May 12, 2016

Challenge
Share
Tweet
Embed
Score 0/31 Timer 05:00
0 Plays Today
Hint Answer % Correct
_____ de MayoCinco
91%
Eat More Fruits & _____ DayVegetables
88.5%
The Stars and _____ Forever DayStripes
87.4%
Blame _____ Else DaySomeone
85.5%
Malcolm _____ DayX
85.4%
_____ Flamingo DayPink
84.3%
Endangered _____ DaySpecies
83.2%
_____ Public Radio DayNational
82.5%
National Purebred _____ DayDog
82.5%
Free Comic _____ DayBook
82.4%
Child _____ Provider DayCare
81.8%
Eat What You _____ DayWant
81.8%
Speak in Complete _____ DaySentences
80.4%
_____ Julep DayMint
79.4%
World Turtle _____Day
77.3%
No _____ Dishes DayDirty
77%
Hint Answer % Correct
National Tap _____ DayDance
76.6%
Victory Day Over Nazism in _____ War II (Ukraine)World
72.1%
_____ Wars DayStar
71.8%
Chronic Fatigue _____ Awareness DaySyndrome
70.2%
National _____ to Swim DayLearn
64.3%
Buy a _____ Instrument DayMusical
63.3%
National _____ Suzette DayCrepes
56.3%
World _____ Cross DayRed
52.3%
Whooping _____ DayCrane
52.2%
International Women's Day for _____ and DisarmamentPeace
51.5%
International Conscientious _____ DayObjector
48.8%
International Day Against _____ and TransphobiaHomophobia
46.7%
Robert's Rules of _____ DayOrder
41.9%
Cellophane _____ DayTape
26.5%
National Coquilles St. _____ DayJacques
25.8%

Today's Daily Dose

Missing Word
Entertainment 'M'

Word Ladder
North Carolina

On This Day
January 16th II

You're not logged in!

Compare scores with friends on all Sporcle quizzes.
OR
Log In

You Might Also Like...

Show Comments

Extras

Top Quizzes Today


Score Distribution

Your Account Isn't Verified!

In order to create a playlist on Sporcle, you need to verify the email address you used during registration. Go to your Sporcle Settings to finish the process.

Report this User

Report this user for behavior that violates our Community Guidelines.

Details: